00466nam a22001697a 450000500170000001000140001702000240003103500130005503700130006808200130008110000190009424500460011326000390015927000520019830000270025050000190027720100730110737.0 aENG-97440 a8189915045c1080.00 aEN-80973 bDBAD/PUB a338.4791 aPasricha, Ashu aInternational tourism /cby Ashu Pasricha aNew DelhibRegal Pubicationsc2009 aA-49/1, Mayapuri, Phase-1, bNew Delhie110 064 avii, 314p.c23 cm (Hb) aIncludes Index